Internal combustion engines and air pollution (Record no. 4453)

000 -LEADER
fixed length control field 00551nam a22001937a 4500
001 - CONTROL NUMBER
control field 4453
003 - CONTROL NUMBER IDENTIFIER
control field BD-DhUET
008 - FIXED-LENGTH DATA ELEMENTS--GENERAL INFORMATION
fixed length control field 141116b xxu||||| |||| 00| 0 eng d
020 ## - INTERNATIONAL STANDARD BOOK NUMBER
International Standard Book Number 0352045600
040 ## - CATALOGING SOURCE
Transcribing agency 0
Modifying agency BD-DhUET
082 ## - DEWEY DECIMAL CLASSIFICATION NUMBER
Classification number 621.43
Item number OBE/1973
100 ## - MAIN ENTRY--PERSONAL NAME
Personal name Obert, Edward F.
245 ## - TITLE STATEMENT
Title Internal combustion engines and air pollution
Remainder of title based on internal combustion engines
250 ## - EDITION STATEMENT
Edition statement 3rd ed.
260 ## - PUBLICATION, DISTRIBUTION, ETC. (IMPRINT)
Place of publication, distribution, etc. New York
Name of publisher, distributor, etc. Intext Educational Publishers
Date of publication, distribution, etc. 1973
300 ## - PHYSICAL DESCRIPTION
Extent xiii, 740 p.
Other physical details ill.
650 #0 - SUBJECT ADDED ENTRY--TOPICAL TERM
Topical term or geographic name as entry element Internal combustion engines
942 ## - ADDED ENTRY ELEMENTS (KOHA)
Koha item type General Book
Holdings
Sublocation or collection (holding branch) Copy number Lost status Koha date last seen Damaged status Source of classification or shelving scheme Location (home branch) Date acquired Piece designation (barcode) Price effective from Koha normalized classification for sorting Shelving location Koha item type Koha full call number Withdrawn status Not for loan Koha issues (times borrowed) Koha date last borrowed
Central Library, BUET  2015-10-12  Central Library, BUET2014-11-16421132014-11-16621_000000000000000_43OBE1973Circulation sectionGeneral Book621.43/OBE/1973  12014-11-16
Central Library, BUET2 2018-02-17  Central Library, BUET2015-04-13421112015-04-13621_430000000000000_OBE_1973Circulation sectionGeneral Book621.43/OBE/1973  32018-02-03
Central Library, BUET3 2015-06-16  Central Library, BUET2015-06-16421052015-06-16621_430000000000000_OBE_1973Reading sectionReading Item621.43/OBE/1973    
Central Library, BUET4 2015-06-30  Central Library, BUET2015-06-30489592015-06-30621_430000000000000_OBE_1973Reading sectionReading Item621.43/OBE/1973    
Central Library, BUET5 2015-07-02  Central Library, BUET2015-07-02421082015-07-02621_430000000000000_OBE_1973Reading sectionReading Item621.43/OBE/1973    
Central Library, BUET6 2015-07-04  Central Library, BUET2015-07-04489392015-07-04621_430000000000000_OBE_1973Reading sectionReading Item621.43/OBE/1973